Quizzes
Events
Quiz Creation
Community
Videos
Private Events
Remove Ads
Sign In
Join for FREE
Feedback
Dark Mode
Quiz Categories
Sports
Geography
Music
Movies
Television
Just For Fun
Miscellaneous
History
Literature
Language
Science
Gaming
Entertainment
Religion
Holiday
For Kids
Quiz Lab
Recent
Popular Today
Quiz Kudos Today
Editor Picks
Curator Picks
Quizzes by...
Day
Popularity
Type
Ratings
Length
Year
Community
Subscriptions
Recent Discussions
Orange Saloon
Badges
Playlists
Quests
Create
Leaderboards
Showdown
Live 5
Trivia Bingo
Activity
Puzzle Library
Sporcle Events
Private Events
Virtual Trivia
Globe League
Become a Host
Pub Owners
SporcleCon
Opinionation
Our Games
Videos
Blog
Mobile Apps
Partnerships
Remove Ads and Go Orange
Feedback
Sports
Athletes
MLB
NBA
NHL
NFL
Soccer
Sports Teams
WWE
NCAA
Football
Premier League
Basketball
Baseball
Hockey
Golf
Tennis
Cricket
Rugby
Auto Racing
Olympics
World Cup
Sports
Athletes
MLB
NBA
NHL
NFL
Soccer
Sports Teams
WWE
NCAA
Football
Premier League
Basketball
Baseball
Hockey
Golf
Tennis
Cricket
Rugby
Auto Racing
Olympics
World Cup
Random Quiz
Search Sporcle
×
Quiz Lab
Quiz Lab
Sports
Cricket
Type in answers that appear in a list
Type in answers that appear in a list
Classic
Best Score? Go Orange.
Indian cricket team ODI centurions? Stats
Can you name the Indian cricket team ODI centurions??
By
maharajan
5m
32 Questions
2,022 Plays
2,022 Plays
2,022 Plays
Comments
Comments
Give Quiz Kudos
Give Quiz Kudos
-
- Ratings
hide this ad
Replay
Link that replays current quiz
Next Quiz
Link to next quiz in quiz playlist
You Got
0%
They Got
Avg Score
66%
Avg Friend Score
Upgrade to see
Score Distribution
Jump to the score distribution portion of the page
Score
0/32
Timer
05:00
0
Plays Today
Year
Player
% Correct
1994-
2012
SR TENDULKAR
98.9%
2009-
2012
V KOHLI
96.5%
1997-
2006
R DRAVID
95.2%
1997-
2003
SC GANGULY
95.1%
2001-
2011
V SEHWAG
94.5%
2005-
2010
MS DHONI
93.6%
2003-
2011
YUVRAJ SINGH
92.3%
2005-
2012
G GAMBHIR
88.2%
1997-
1997
RR SINGH
86.7%
2010-
2010
RG SHARMA
85.6%
1989-
1989
C SHARMA
85.5%
1987-
1987
SM GAVASKAR
84.4%
2001-
2004
VVS LAXMAN
82%
1983-
1983
N KAPIL DEV
80.4%
2008-
2010
SK RAINA
79.4%
1987-
1998
M AZHARUDDIN
77.8%
Year
Player
% Correct
1994-
1999
A JADEJA
69.9%
2002-
2005
M KAIF
65.3%
1989-
1996
NS SIDHU
63.4%
1984-
1991
RJ SHASTRI
60.2%
2002-
2002
D MONGIA
59.2%
1993-
1996
VG KAMBLI
56.7%
2010-
2011
YK PATHAN
52.6%
1984-
1984
DB VENGSARKAR
50.4%
1986-
1988
K SRIKKANTH
47.3%
1988-
1988
M AMARNATH
45.8%
1991-
1991
SV MANJREKAR
42.6%
1987-
1994
M PRABHAKAR
37.7%
2001-
2001
HK BADANI
25.5%
2011-
2011
MK TIWARY
21.8%
1992-
1992
WV RAMAN
14.7%
1986-
1986
R LAMBA
12.5%
Quiz Playlist
Details
Report
Send in Message
Add To Playlist
Classic:
Type in answers that appear in a list
Last Updated: Feb 16, 2017
Quiz Scoreboard
CHALLENGE
Sign Up to Join the Scoreboard
Show All
Scores
Hide
Comments
May contain spoilers
Recently Published
9x9 Crossword: Cartoon Network
by jackfrog10
Miscellaneous
3m
College Basketball Coaching Resumes
by pancakes188
Sports
9m
Billboard Blitz: Fleetwood Mac
by CooCooCachoo
Music
15s
More to Explore
Quiz From the Vault
Featured Blog Post
Where Did the Easter Bunny Come From?
hide this ad
You Might Also Like...
Tags
Cricket Quiz
India Batsmen
ODI Cricket
Today's Top Quizzes in Sports
Browse Sports
hide this ad
Today's Top Quizzes in Cricket
Browse Cricket
Top Contributed Quizzes in Sports
1
2022 World Cup Stars
2
Les meilleurs buteurs des matchs entre le PSG et l’OM
3
FIFA Club World Cup Champions
4
Les entraîneurs de l'OM et du PSG au 21e siècle
5
Criteria MLB: Left Handed Sluggers
6
AFC Teams Reveal (Wrong Answers Minefield)
7
2023 MLB Unique Player Accomplishments
8
Players with Multiple 50 Home Run Seasons
9
5-to-1: FBS Animal Nicknames
10
5-to-1: UK Sports Teams
Explore More
Trending Topics
Kpop
NBA
Disney
Crossword
Marvel
Harry Potter
Anime
Song
Puzzle
WWE
The Office
NFL
Pokémon
Soccer
Country
hide this ad
More By:
maharajan
Quiz
Plays
Rating
Category
Featured
Created
Indian cricket team ODI centurions?
2,022
2.25
Sports
Aug 2, 2012
Cricket World cup most matches as captain
324
5.00
Sports
Jul 17, 2012
Top Test Wicket Keepers with 50 or more Dismissals
311
Sports
Jul 17, 2012
cricket world cup centurions
221
5.00
Sports
Jul 18, 2012
Dismissed for 99 in ODI
155
5.00
Sports
Aug 3, 2012
Go to Creator's Profile
Score Distribution
Quiz Creator Spotlight
maharajan
Follow
Send a Message
Quizzes Created
-
Created Quiz Play Count
-
More By This Creator
Popular Quizzes Today
1
Find the US States - No Outlines Minefield
2
Find the Countries of Europe - No Outlines Minefield
3
The Countries of the World
4
Find the US States
5
Risky Map Clicking: Biggest States A-Z
6
US States
7
Popular People in 1961
8
Movies - When Are They Set?
More Sports Quizzes
Michael Schumacher's 91 F1 wins
Quiz Lab
Trending Quizzes
Risky Map Clicking: Least Populous States A-Z
1-10 Letter G Words
1-10 Letter F Words
Risky Map Clicking: Next State Alphabetically
Adjectives in 80s TV Shows
Recently Updated
Leaping Animals
pecheneg
Reality TV Shows (A-Z)
bhenderson79
Rickey Henderson's Hall of Fame Teammates
pecheneg
Champions League XIs: Arsenal
pecheneg
Quick Pick: Celebrities in WWE's Hall of Fame
aduchscher
A-Z Keypad Blitz II
pecheneg
Multiple Oscar Actors
pecheneg
Mystery Phrase Blitz: Oscar 'Best Actors'
pecheneg
F. Scott Fitzgerald Novels
LTH
Pick 3 Villains
ddd62291
Trending Topics
Kpop
NBA
Disney
Crossword
Marvel
Anime
Harry Potter
Country
The Office
Song
Puzzle
Soccer
WWE
NFL
Pokémon
Your Account Isn't Verified!
In order to create a playlist on Sporcle, you need to verify the email address you used during registration. Go to your
Sporcle Settings
to finish the process.
Report this User
Report this user for behavior that violates our
Community Guidelines
.
Details:
Send Report
Go to the Sporcle.com Mobile Site →
Comments